Orígenes de las lenguas neolatinas (Record no. 128486)
[ view plain ]
| 000 -LEADER | |
|---|---|
| campo de control de longitud fija | 00635nam a2200193 i 4500 |
| 001 - NÚMERO DE CONTROL | |
| campo de control | 128486 |
| 003 - IDENTIFICADOR DE NÚMERO DE CONTROL | |
| campo de control | ES-MaACL |
| 007 - CAMPO FIJO DE DESCRIPCIÓN FÍSICA--INFORMACIÓN GENERAL | |
| campo de control de longitud fija | t| |
| 008 - DATOS DE LONGITUD FIJA--INFORMACIÓN GENERAL | |
| campo de control de longitud fija | 070514s1973 mx ||||1| spa d |
| 080 ## - NÚMERO DE LA CLASIFICACIÓN DECIMAL UNIVERSAL | |
| Número de la Clasificación Decimal Universal | 804(02) |
| 100 1# - ENTRADA PRINCIPAL--NOMBRE DE PERSONA | |
| Nombre de persona | Tagliavini, Carlo. |
| 9 (RLIN) | 109070 |
| 245 10 - MENCIÓN DEL TÍTULO | |
| Título | Orígenes de las lenguas neolatinas |
| Resto del título | : introducción a la filología romance / |
| Mención de responsabilidad, etc. | por Carlo Tagliavini ; [Traducción de Juan Almela]. |
| 250 ## - MENCION DE EDICION | |
| Mención de edición | [1ª ed.]. |
| 260 ## - PUBLICACIÓN, DISTRIBUCIÓN, ETC. | |
| Lugar de publicación, distribución, etc. | México : |
| Nombre del editor, distribuidor, etc. | Fondo de Cultura Económica, |
| Fecha de publicación, distribución, etc. | [1973] |
| 300 ## - DESCRIPCIÓN FÍSICA | |
| Extensión | 897 p. ; |
| Dimensiones | 22 cm. |
| 650 14 - PUNTO DE ACCESO ADICIONAL DE MATERIA--TÉRMINO DE MATERIA | |
| Término de materia o nombre geográfico como elemento de entrada | Filología románica. |
| 9 (RLIN) | 12800 |
| 700 1# - ENTRADA AGREGADA--NOMBRE PERSONAL | |
| Nombre de persona | Almela, Juan. |
| 9 (RLIN) | 20128 |
| 852 ## - LOCALIZACIÓN | |
| Ubicación | ES-MaACL |
| Número de control de estantería | E-7316 |
| Sublocalización o colección | R.91609 |
| Estatus retirado | Estado de pérdida | Estado de daño | No para préstamo | Biblioteca de origen | Biblioteca actual | Ubicación en estantería | Fecha de adquisición | Fuente de adquisición | Total de préstamos | Signatura topográfica completa | Código de barras | Visto por última vez | Precio de reemplazo | Tipo de ítem Koha |
|---|---|---|---|---|---|---|---|---|---|---|---|---|---|---|
| Biblioteca del Ateneo de Madrid | Biblioteca del Ateneo de Madrid | Depósito 2 | 17/01/2008 | E-7316 | 1133815 | 23/02/2023 | 23/02/2023 | Libro impreso |
